| 000 | 00941nam a2200217Ia 4500 | ||
|---|---|---|---|
| 999 |
_c39204 _d39204 |
||
| 001 | 5790 | ||
| 003 | GE_BSU | ||
| 005 | 20190523152235.0 | ||
| 008 | 181216s1984||||ge |||||||||||||| ||geo|| | ||
| 040 | _cGE_BSU | ||
| 041 | _ageo | ||
| 080 | _a669.002(076) მ-46 | ||
| 100 |
_aმეძმარიაშვილი, მ. _91531 |
||
| 245 |
_aლაბორატორიული სამუშაოები მასალათმცოდნეობაში : _bდამხმ.სახელმძღვ. / _cმ. მეძმარიაშვილი ; რედ. მ. ძიძიგური. |
||
| 264 |
_aთბილისი : _bსპი, _c1984. |
||
| 300 |
_a141 გვ. : _bილ.; _c20 სმ. |
||
| 504 | _aბიბლიოგრ. : გვ. 140. | ||
| 653 | _aმასალათმცოდნეობა | ||
| 700 |
_aძიძიგური, მ. _eრედაქტორი _9472 |
||
| 942 |
_cBK _2udc |
||